Normal view MARC view

Entry Personal Name

Number of records used in: 1

001 - CONTROL NUMBER

  • control field: 10239

003 - CONTROL NUMBER IDENTIFIER

  • control field: DLC

005 - DATE AND TIME OF LATEST TRANSACTION

  • control field: 20231229144021.0

008 - FIXED-LENGTH DATA ELEMENTS

  • fixed length control field: 930527n| azannaabn |a aaa

010 ## - LIBRARY OF CONGRESS CONTROL NUMBER

  • LC control number: n 93050254
  • Canceled/invalid LC control number: no 97046153

040 ## - CATALOGING SOURCE

  • Original cataloging agency: DLC
  • Language of cataloging: eng
  • Description conventions: rda
  • Transcribing agency: DLC
  • Modifying agency: DLC

046 ## - SPECIAL CODED DATES

  • Birth date: 1960
  • Source of date scheme: edtf

100 1# - HEADING--PERSONAL NAME

  • Personal name: Kirkpatrick, Allan

372 ## - FIELD OF ACTIVITY

  • Field of activity: Mechanical engineering
  • Source of term: lcsh

373 ## - ASSOCIATED GROUP

  • Associated group: Colorado State University
  • Source of term: naf

375 ## - GENDER

  • Gender: male

377 ## - ASSOCIATED LANGUAGE

  • Language code: eng

378 ## - FULLER FORM OF PERSONAL NAME

  • Fuller form of personal name: Allan Thomson

400 1# - SEE FROM TRACING--PERSONAL NAME

  • Personal name: Kirkpatrick, A.
  • Fuller form of name: (Allan)

400 1# - SEE FROM TRACING--PERSONAL NAME

  • Personal name: Kirkpatrick, Allan T.
  • Fuller form of name: (Allan Thomson)

400 1# - SEE FROM TRACING--PERSONAL NAME

  • Control subfield: nne
  • Personal name: Kirkpatrick, Allan Thomson

670 ## - SOURCE DATA FOUND

  • Source citation: Solar engineering, 1993, c1993:
  • Information found: t.p. (Allan Kirkpatrick; Colorado St. Univ.) cover (A. Kirkpatrick)

670 ## - SOURCE DATA FOUND

  • Source citation: Cold air distribution, c1996:
  • Information found: t.p. (Allan T. Kirkpatrick; professor of mechanical engineering at Colorado State University, Fort Collins, Colo.)

670 ## - SOURCE DATA FOUND

  • Source citation: OCLC, 21 July, 1997
  • Information found: (hdg.: Kirkpatrick, Allan Thomson; usage: Allan Thomson Kirkpatrick)

670 ## - SOURCE DATA FOUND

  • Source citation: Internal combustion engines, 2020:
  • Information found: ECIP t.p. (Allan T. Kirkpatrick, Colorado State University, CO, US) ECIP info (Allan Thomson Kirkpatrick, b. 1950)

Powered by Koha